Návrh rýchlo spojky volantu pre vozidlo Formula Student Electric 2018

Salvato in:
Dettagli Bibliografici
Autore principale: Czakó, Veronika (Autore)
Altri autori: Magdolen, Ľuboš (Relatore della tesi)
Natura: Manoscritto Libro
Lingua:slovacco
Pubblicazione: 2018
Soggetti:
Accesso online:http://is.stuba.sk/zp/portal_zp.pl?podrobnosti=133045
Tags: Aggiungi Tag
Nessun Tag, puoi essere il primo ad aggiungerne!!

MARC

LEADER 00000ntm a22000003a 4500
001 stuzp70058
003 SK-STU
005 20180820161850.0
007 ta
008 150427s2015----xo-----f-mn---000-0-slo-d
040 |a STU  |b slo 
041 0 |a slo 
100 1 |a Czakó, Veronika  |u 020030  |4 aut  |U SjF Strojnícka fakulta  |T SjF Ústav dopravnej techniky a konštruovania  |X 81345  |U J0030  |Y 806  |7 81345 
242 0 1 |a Design of the quick release of steering wheel for Formula Student Electric 2018 vehicle  |y eng 
245 1 0 |a Návrh rýchlo spojky volantu pre vozidlo Formula Student Electric 2018 
260 |c 2018 
650 4 |a Formula Student  |2 slo 
650 4 |a riadiaci systém  |2 slo 
650 4 |a rýchlospojka na volant  |2 slo 
650 4 |a Quick release  |2 eng 
650 4 |a Formula Student  |2 eng 
650 4 |a steering system  |2 eng 
700 1 |a Magdolen, Ľuboš  |u 020030  |k Z1  |4 ths  |U SjF Strojnícka fakulta  |T SjF Ústav dopravnej techniky a konštruovania  |X 2362  |U J0030  |Y 806  |7 A00002362 
856 4 |u http://is.stuba.sk/zp/portal_zp.pl?podrobnosti=133045 
996 |b 284J045525  |c J* 2885/DBP  |l JJSK  |s A  |a 24  |w stuzp70058_0001